<?xml version="1.0" encoding="UTF-8"?>
<record
    xmlns:xsi="http://www.w3.org/2001/XMLSchema-instance"
    xsi:schemaLocation="http://www.loc.gov/MARC21/slim http://www.loc.gov/standards/marcxml/schema/MARC21slim.xsd"
    xmlns="http://www.loc.gov/MARC21/slim">

  <leader>01473nam a22002057a 4500</leader>
  <controlfield tag="005">20240315155618.0</controlfield>
  <controlfield tag="008">240302b           ||||| |||| 00| 0 eng d</controlfield>
  <datafield tag="020" ind1=" " ind2=" ">
    <subfield code="a">9781433833939</subfield>
  </datafield>
  <datafield tag="040" ind1=" " ind2=" ">
    <subfield code="c">AL</subfield>
  </datafield>
  <datafield tag="041" ind1=" " ind2=" ">
    <subfield code="a">eng</subfield>
  </datafield>
  <datafield tag="082" ind1=" " ind2=" ">
    <subfield code="2">23</subfield>
    <subfield code="a">362.764</subfield>
    <subfield code="b">ALTL</subfield>
  </datafield>
  <datafield tag="100" ind1=" " ind2=" ">
    <subfield code="a">Elizabeth M Altimaier</subfield>
    <subfield code="9">152597</subfield>
  </datafield>
  <datafield tag="245" ind1=" " ind2=" ">
    <subfield code="a">Leaving darkness behind</subfield>
    <subfield code="b">: recovery from childhood sexual abuse</subfield>
  </datafield>
  <datafield tag="260" ind1=" " ind2=" ">
    <subfield code="a">Washington</subfield>
    <subfield code="b">American Psychological Association</subfield>
    <subfield code="c">2021</subfield>
  </datafield>
  <datafield tag="300" ind1=" " ind2=" ">
    <subfield code="a">vii,265p.</subfield>
    <subfield code="b">PB</subfield>
    <subfield code="c">21.5x14cm.</subfield>
  </datafield>
  <datafield tag="365" ind1=" " ind2=" ">
    <subfield code="2">General</subfield>
    <subfield code="a">7740</subfield>
    <subfield code="b">&#x20B9;1214.00</subfield>
    <subfield code="c">&#x20B9;</subfield>
    <subfield code="d">&#x20B9;1556.14</subfield>
    <subfield code="e">22%</subfield>
    <subfield code="f">15-02-2024</subfield>
  </datafield>
  <datafield tag="520" ind1=" " ind2=" ">
    <subfield code="a">Survivors of childhood sexual abuse can begin a recovery journey informed by accurate understandings, not myths, and empowered by processes that help them thrive. Written for men and women by an author who is herself a survivor, this guide tells the truth about what complex trauma means for your physical and mental health. Readers will learn how to build key recovery processes into their lives, including grieving, meaning-making, forging healthy connections with others, and finding hope. This guidance is scientifically-based, in findings from positive psychology.
With self-assessments, journaling prompts, and suggested action steps to help you leave your darkness behind, this book is your essential interactive guide through the recovery journey. References and an extensive index are also included.</subfield>
  </datafield>
  <datafield tag="650" ind1=" " ind2=" ">
    <subfield code="2">Social Problems and Services</subfield>
    <subfield code="a">Child Welfare</subfield>
    <subfield code="9">152598</subfield>
  </datafield>
  <datafield tag="942" ind1=" " ind2=" ">
    <subfield code="2">ddc</subfield>
    <subfield code="c">BK</subfield>
  </datafield>
  <datafield tag="999" ind1=" " ind2=" ">
    <subfield code="c">229969</subfield>
    <subfield code="d">229969</subfield>
  </datafield>
  <datafield tag="952" ind1=" " ind2=" ">
    <subfield code="0">0</subfield>
    <subfield code="1">0</subfield>
    <subfield code="2">ddc</subfield>
    <subfield code="4">0</subfield>
    <subfield code="7">0</subfield>
    <subfield code="8">CPSY</subfield>
    <subfield code="a">SACPG</subfield>
    <subfield code="b">SACPG</subfield>
    <subfield code="d">2024-02-24</subfield>
    <subfield code="e">Biblios Book Point</subfield>
    <subfield code="g">1214.00</subfield>
    <subfield code="l">1</subfield>
    <subfield code="o">362.764 ALTL</subfield>
    <subfield code="p">PG024656</subfield>
    <subfield code="r">2026-03-14 12:12:41</subfield>
    <subfield code="s">2026-03-09</subfield>
    <subfield code="v">1556.14</subfield>
    <subfield code="w">2024-03-02</subfield>
    <subfield code="y">BK</subfield>
  </datafield>
</record>
